Effectifs Argentine Copa America 2024 - Statistiques

Statistiques générales
  • Ce quiz a été pris 37 fois
  • Le résultat moyen est 16 sur 26
Statistiques - réponses
Poste Numéro Club Joueur % Correct
Attaquant 10 Inter Miami Lionel Messi
94%
Milieu 24 FC Chelsea Enzo Fernandez
88%
Attaquant 9 Manchester City Julian Alvarez
88%
Attaquant 22 Inter Milan Lautaro Martinez
88%
Gardien 23 Aston Villa Emiliano Martinez
85%
Milieu 7 Atletico Madrid Rodrigo de Paul
82%
Attaquant 17 Manchester United Alejandro Garnacho
79%
Milieu 20 FC Liverpool Alexis MacAllister
79%
Défenseur 3 Olympique Lyonnais Nicolas Tagliafico
76%
Défenseur 19 SL Benfica Nicolas Otamendi
73%
Défenseur 13 Tottenham Hotspur Cristian Romero
70%
Attaquant 11 Sans Club Angel Di Maria
67%
Gardien 12 Ajax Géronimo Rulli
67%
Milieu 14 Bayer Leverkusen Exequiel Palacios
61%
Défenseur 25 Manchester United Lisandro Martinez
61%
Milieu 5 AS Roma Leandro Paredes
55%
Défenseur 26 Atletico Madrid Nahuel Molina
55%
Milieu 16 Tottenham Hotspur Giovani Lo Celso
52%
Défenseur 8 FC Séville Marcos Acuna
52%
Défenseur 4 FC Séville Gonzalo Montiel
48%
Gardien 1 River Plate Franco Armani
45%
Attaquant 15 Fiorentina Nicolas Gonzalez
36%
Défenseur 6 Real Betis German Pezzella
33%
Milieu 21 Inter Milan Valentin Carboni
30%
Défenseur 2 Fiorentina Lucas Martinez Quarta
24%
Milieu 18 Sans Club Guido Rodriguez
21%
Aucun quiz correspondant
Distribution des résultats
% des personnes avec chaque résultat
Percentile par nombre de réponses
Votre historique - résultats
Vous n’avez pas pris ce quiz